Segmentácia obyvateľov Slovenska na základe obáv z koronavírusu COVID-19 v roku 2020 s využitím softvéru SAS bakalárska práca

Guardado en:
Detalles Bibliográficos
Autor principal: Kádárová, Klaudia
Autor Corporativo: Fakulta hospodárskej informatiky EU. Katedra štatistiky
Otros Autores: Dúžik, Ondrej, 1989-
Formato: Libro
Lenguaje:eslovaco
Publicado: Bratislava 2021
Etiquetas: Agregar Etiqueta
Sin Etiquetas, Sea el primero en etiquetar este registro!

MARC

LEADER 00000nbm a2200000 4500
001 0276367
005 20220316125645.6
041 0 |a slo 
044 |a SK 
245 1 0 |a Segmentácia obyvateľov Slovenska na základe obáv z koronavírusu COVID-19 v roku 2020 s využitím softvéru SAS  |b bakalárska práca  |c Klaudia Kádárová ; školiteľ: Ondrej Dúžik 
264 1 |a Bratislava  |c 2021 
300 |a 64 s. 
100 1 |a Kádárová, Klaudia 
700 1 |a Dúžik, Ondrej, 1989- 
710 2 |a Fakulta hospodárskej informatiky EU. Katedra štatistiky